Sports Quiz

Random Sports or NFL Quiz

NFL Hall of Famers: Short but Prolific Careers Quiz Stats

 Plays Quiz Updated Sep 1, 2018

Challenge
Share
Tweet
Embed
Score 0/11 Timer 06:00
5 Plays Today
Induction Year Player % Correct
2017Terrell Davis
94.5%
1977Gale Sayers
63.6%
2017Kenny Easley
23.7%
1986Doak Walker
7%
1963Dutch Clark
4.7%
1963Ernie Nevers
4.2%
1972Ace Parker
3.6%
1968Cliff Battles
2.1%
2016Dick Stanfel
1.9%
1984Arnie Weinmeister
1.5%
1968Wayne Millner
1.5%

You're not logged in!

Compare scores with friends on all Sporcle quizzes.
Join for Free
OR
Log In

You Might Also Like...

Show Comments

Extras

Top Quizzes Today


Score Distribution

Your Account Isn't Verified!

In order to create a playlist on Sporcle, you need to verify the email address you used during registration. Go to your Sporcle Settings to finish the process.

Report this User

Report this user for behavior that violates our Community Guidelines.

Details: